01160ngm a2200265 4500003000400000005001700004007000400021008004000025010001900065024001900084035001900103040001300122082001500135245011100150246000600261260003500267300006200302440003500364500007700399500010300476500003100579538014100610538012400751650001900875dpl20080723110517.0DVD||||||sp199 xxu|||||c|||| 00| 0 eng d aDVD-000835-837 aA3956c499.00  aDVD-000835-837 aDPLcDPL aDVD / PRIN aPrincess Stories :cWalt Disney Home Entertainmenth[videorecording] DVD/bVolume Two- Tales of Friendship a. bWalt Disney Home Entertainment a1 videodisc DVD; (64 min.) :bsd., col. ;c4 3/4 in.fDVD aWalt Disney Home Entertainment aSole Distributor in India M/s. Excel Productions Autio Visuals Pvt. Ltd. aBonus Features: Friendship Wreath Activity, Princess Academy Game, Music Video: Where Dreams Begin aThis DVD is Copy Protected aDolby Digital 2.0 -English, Thai, Mandarin, Cantonese,Spanish, Portuguese Subtitles: English, Chinese, Bahasa, thai, Spanish, Portuguese aAspect Ratio: 1.33:1, Presentation type: Full Frame, Presentation Size 4x3, Format DVD 9 Dual Layer Single Sided Disc. aAnimated Movie